What do cats do?

Bibliographic Details
Format: Book
Published: UK : Ticktock Media Ltd. , 2008
Series:Little ticktock
Subjects:

MARC

LEADER 00000cam a2200000 7i4500
001 0000033742
005 20220105104116.0
008 120925
020 |a 1846969584 
090 0 0 |a JP   |b ENG 
245 1 0 |a What do cats do? 
260 |a UK :   |b Ticktock Media Ltd. ,   |c 2008 
440 |a Little ticktock 
500 |a Children age 4-6 years old (yellow) 
650 0 |a Animals   |x juvenile literature 
999 |a 0001156742   |b Book   |c Children Collection   |e Perbadanan Perpustakaan Awam Johor